000 00650nam a2200205Ia 4500
005 20260121110133.0
008 008 260114s9999 xx 000 0 hin d
020 _a9788132351337
037 _aEBOOK
040 _aCRL
_bhin
_cCRL
041 _ahin
_2hin
084 _qCRL
100 _aनीरज गुप्ता / Neeraj Gupta
_9942499
245 0 _aसौन्दर्य का अध्ययन / Saundarya ka adhyayan
260 _bभाषा प्रकाशन / Bhasha Prakashan
_c2020
856 _uhttps://bhashaprakashan.com/product-details/378474
942 _cEBOOK
999 _c1534164
_d1534164